| 000 | 00431nam a2200157Ia 4500 | ||
|---|---|---|---|
| 008 | 210716s2011 xx 000 0 und d | ||
| 020 | _a9788131500026 | ||
| 041 | _aeng | ||
| 082 | _a658.15 BRIE | ||
| 100 | _aBrigham, Eugene F;Houston, Joel F. | ||
| 245 | _aFundamentals of financial management. | ||
| 250 | _a13 | ||
| 260 |
_aU S A _bCengage Learning _c2011 |
||
| 300 | _axxiii,733,I-12/2015 | ||
| 650 | _aFinancial Management | ||
| 999 |
_c210048 _d210048 |
||